میر تقی میر : (Record no. 170914)
[ view plain ]
| 000 -LEADER | |
|---|---|
| fixed length control field | 00750nam a22002417a 4500 |
| 005 - DATE AND TIME OF LATEST TRANSACTION | |
| control field | 20191230153048.0 |
| 010 ## - LCCN (DPL NO) | |
| LC control number | B-29315 |
| 020 ## - INTERNATIONAL STANDARD BOOK NUMBER | |
| Terms of availability | 150.00 |
| 035 ## - SYSTEM CONTROL NUMBER | |
| System control number | B-29315 |
| 037 ## - SOURCE OF ACQUISITION | |
| Source of stock number/acquisition | BPPD/Pub. |
| 082 ## - DEWEY DECIMAL CLASSIFICATION NUMBER | |
| Classification number | 841.08 |
| 100 ## - MAIN ENTRY--PERSONAL NAME | |
| Personal name | نزیر احمد |
| 245 ## - TITLE STATEMENT | |
| Title | میر تقی میر : |
| Remainder of title | تنقیدی و تحقیقی جایزے / |
| Statement of responsibility, etc | نزیر احمد |
| 246 ## - VARYING FORM OF TITLE | |
| Title proper/short title | Meer Taqi Meer: Tanqidi wa Tehqiqi Jaizay / |
| Remainder of title | by Nazeer Ahmed |
| 260 ## - PUBLICATION, DISTRIBUTION, ETC. (IMPRINT) | |
| Date of publication, distribution, etc | 2000 ء |
| Place of publication, distribution, etc | New Delhi |
| Name of publisher, distributor, etc | Ghalib Institute |
| 270 ## - ADDRESS | |
| Address | Ghalib Marg |
| City | New Delhi |
| Postal code | 110002 |
| 300 ## - PHYSICAL DESCRIPTION | |
| Extent | 432p. |
| Dimensions | 21cm(Hb) |
| 650 ## - SUBJECT ADDED ENTRY--TOPICAL TERM | |
| Topical term or geographic name as entry element | ادب - اردو |
| 650 ## - SUBJECT ADDED ENTRY--TOPICAL TERM | |
| Topical term or geographic name as entry element | اردو شاعری |
| 650 ## - SUBJECT ADDED ENTRY--TOPICAL TERM | |
| Topical term or geographic name as entry element | Literature -- Urdu |
| 650 ## - SUBJECT ADDED ENTRY--TOPICAL TERM | |
| Topical term or geographic name as entry element | Urdu poetry |
| 942 ## - ADDED ENTRY ELEMENTS (KOHA) | |
| Source of classification or shelving scheme | Dewey Decimal Classification |
| Item type | Urdu Bks |
| Classification part | 841.08 |
| Call number suffix | م ی ر |
| Withdrawn status | Lost status | Not for loan | Collection code | Home library | Current library | Date acquired | Source of acquisition | Cost, normal purchase price | Full call number | Barcode | Copy number | Cost, replacement price | Koha item type |
|---|---|---|---|---|---|---|---|---|---|---|---|---|---|
| Non-fiction | Central Library | Central Library | 30/12/2019 | BPPD/Ven. | 150.00 | 841.08 م ی ر | B-29315 | 1 | 150.00 | Urdu Bks |
